000 00752nam a2200205Ia 4500
001 8791
003 GE_BSU
008 181216s||||||||xx |||||||||||||| ||und||
040 _cGE_BSU
080 _a821.353.1-32
100 _aკლდიაშვილი,დავით
245 _aთხზულებანი. ორ ტომად. ტ.1 მოთხრობები
245 _cშეადგ.ს.კლდიაშვილი.რედ.ლალი ავალიანი.მხატვ:ზ.ლეჟავა
260 _aთბილისი
260 _bსაბჭოთა საქართველო
260 _c1980
300 _a330გვ.20სმ.
653 _aთხზულებანი
942 _cBK
999 _c42100
_d42100